|
|
|
|
| LEADER |
03576nam a2200769 ia4500 |
| 001 |
nkc20162800683 |
| 003 |
CZ PrNK |
| 005 |
20231006100223.0 |
| 007 |
ta |
| 008 |
160526s2016 xr abc c pf 001 0 cze |
| 015 |
|
|
|a cnb002800683
|
| 020 |
|
|
|a 978-80-7489-057-4
|q (učebnice ;
|q brožováno)
|
| 020 |
|
|
|a 978-80-7489-055-0
|q (pracovní sešit ;
|q brožováno)
|
| 020 |
|
|
|a 978-80-7489-056-7
|q (příručka učitele ;
|q brožováno)
|
| 035 |
|
|
|a (OCoLC)953516970
|
| 040 |
|
|
|a BOA001
|b cze
|d BOA001
|e rda
|
| 043 |
|
|
|a e------
|a e-xr---
|
| 072 |
|
7 |
|a 913(4)
|x Geografie Evropy, reálie, cestování
|2 Konspekt
|9 7
|
| 072 |
|
7 |
|a 37.016
|x Učební osnovy. Vyučovací předměty. Učebnice
|2 Konspekt
|9 22
|
| 080 |
|
|
|a 91
|2 MRF
|
| 080 |
|
|
|a 913(4)
|2 MRF
|
| 080 |
|
|
|a 913(437.3)
|2 MRF
|
| 080 |
|
|
|a (075.2)
|2 MRF
|
| 080 |
|
|
|a (075.3)
|2 MRF
|
| 080 |
|
|
|a (076.1)
|2 MRF
|
| 080 |
|
|
|a (072)
|2 MRF
|
| 100 |
1 |
|
|a Marada, Miroslav,
|d 1971-
|7 xx0014344
|4 aut
|
| 245 |
1 |
0 |
|a Zeměpis 8 :
|b pro základní školy a víceletá gymnázia /
|c Miroslav Marada, Tomáš Havlíček, Tomáš Matějček, Martin Hanus, Pavel Chromý
|
| 246 |
3 |
|
|a Zeměpis pro základní školy a víceletá gymnázia
|
| 246 |
1 |
8 |
|a Zeměpis 8 pro základní školy a víceletá gymnázia
|
| 250 |
|
|
|a 1. vydání
|
| 264 |
|
1 |
|a Plzeň :
|b Fraus,
|c 2016
|
| 300 |
|
|
|a 3 svazky :
|b ilustrace (převážně barevné), mapy, portréty ;
|c 30 cm
|
| 336 |
|
|
|a text
|b txt
|2 rdacontent
|
| 337 |
|
|
|a bez média
|b n
|2 rdamedia
|
| 338 |
|
|
|a svazek
|b nc
|2 rdacarrier
|
| 500 |
|
|
|a Označení učebnice na rubu titulní stránky: nová generace
|
| 500 |
|
|
|a Zpracováno v souladu s Rámcovým vzdělávacím programem pro základní vzdělávání
|
| 500 |
|
|
|a Obsahuje rejstřík
|
| 505 |
0 |
|
|a učebnice. 136 stran -- pracovní sešit / Martin Hanus, Tereza Kocová. 80 stran -- příručka učitele / Miroslav Marada, Martin Hanus, Tereza Kocová, Petra Babčaníková. 112 stran
|
| 650 |
0 |
7 |
|a zeměpis
|7 ph116771
|2 czenas
|
| 650 |
0 |
7 |
|a regionální geografie
|7 ph116030
|z Evropa
|2 czenas
|
| 650 |
0 |
7 |
|a regionální geografie
|7 ph116030
|z Česko
|2 czenas
|
| 650 |
0 |
9 |
|a geography (school subject)
|2 eczenas
|
| 650 |
0 |
9 |
|a regional geography
|z Europe
|2 eczenas
|
| 650 |
0 |
9 |
|a regional geography
|z Czechia
|2 eczenas
|
| 655 |
|
7 |
|a učebnice základních škol
|7 fd133773
|2 czenas
|
| 655 |
|
7 |
|a učebnice středních škol
|7 fd133771
|2 czenas
|
| 655 |
|
7 |
|a pracovní sešity
|7 fd133116
|2 czenas
|
| 655 |
|
7 |
|a metodické příručky
|7 fd132826
|2 czenas
|
| 655 |
|
9 |
|a textbooks (elementary)
|2 eczenas
|
| 655 |
|
9 |
|a textbooks (secondary)
|2 eczenas
|
| 655 |
|
9 |
|a activity books
|2 eczenas
|
| 655 |
|
9 |
|a methodological manuals
|2 eczenas
|
| 700 |
1 |
|
|a Havlíček, Tomáš,
|d 1966-
|7 mzk2003202407
|4 aut
|
| 700 |
1 |
|
|a Matějček, Tomáš,
|d 1977-
|7 xx0064027
|4 aut
|
| 700 |
1 |
|
|a Hanus, Martin
|7 mzk2008486542
|4 aut
|
| 700 |
1 |
|
|a Chromý, Pavel,
|d 1972-
|7 xx0014341
|4 aut
|
| 700 |
1 |
|
|a Kocová, Tereza
|7 ola2014832793
|4 aut
|
| 700 |
1 |
|
|a Babčaníková, Petra
|7 xx0207265
|4 aut
|
| 910 |
2 |
|
|a BOA001
|b 4-1366.994
|s učebnice, pracovní sešit, příručka učitele
|
| 990 |
|
|
|a BK
|
| 995 |
|
|
|a 01
|
| 991 |
|
|
|b 201610
|c NOV
|
| 996 |
6 |
|
|b 2610671729
|c 4-1366.994
|d 1, učebnice
|v 1
|l MZK
|r Sklad / do 1 hodiny
|n 4
|p p.v.
|w 001563721
|u 000010
|a 1
|e BOA001
|j MZK50
|s P
|
| 996 |
6 |
|
|b 2610671730
|c 4-1366.994
|d 2, pracovní sešit
|v 2
|l MZK
|r Sklad / do 1 hodiny
|n 2
|p p.v.
|w 001563721
|u 000020
|a 1
|e BOA001
|j MZK50
|s P
|
| 996 |
6 |
|
|b 2610684647
|c 4-1366.994
|d 3, příručka učitele
|v 3
|l MZK
|r Sklad / do 1 hodiny
|n 5
|p p.v.
|w 001563721
|u 000030
|a 1
|e BOA001
|j MZK50
|s P
|